Szczegóły MARC21

Kształtowanie motywacji i postaw : socjotechniczne problemy działalności ideowo-wychowawczej /

003 -Nazwa inst., której nr kontr. jest w polu 001 [,]
    • @
    • Nazwa instytucji, której n kontrolny jest w polu 001
    • NUKAT
005 -DATA I CZAS OSTATNIEJ MODYFIKACJI [,]
    • @
    • pole kontrolne
    • 20241231113310.0
040 -Instytucja sporządzająca opis [ , ]
    • a
    • Instytucja, która sporządziła opis (NP)
    • POZN 31/MS
    • c
    • Instytucja, która sporządziła rekord (NP)
    • POZN 31/MS
    • d
    • Instytucja, która zmodyfikowała rekord (P)
    • POZN 31/MK
    • d
    • Instytucja, która zmodyfikowała rekord (P)
    • POZN 31/DFs
    • d
    • Instytucja, która zmodyfikowała rekord (P)
    • KR 119/WA
942 -Rodzaj dokumentu [ , ]
    • c
    • Rodzaj dokumentu
    • Książka
245 -Strefa tytułu i oznaczenia odpowiedzialności [0,0]
    • a
    • Tytuł
    • Kształtowanie motywacji i postaw : Find
    • b
    • Ciąg dalszy tytułu (NP)
    • socjotechniczne problemy działalności ideowo-wychowawczej / Find
    • c
    • Pozostałe elementy strefy tytułu i oznaczenia odpowiedzialności (NP)
    • wybór i wstęp Czesław Czapów.
260 -Strefa adresu wydawniczego [ , ]
    • a
    • Miejsce wydania (P)
    • Warszawa :
    • b
    • Nazwa wydawcy (P)
    • Książka i Wiedza,
    • c
    • Data wydania (P)
    • 1976.
300 -Strefa opisu fizycznego [ , ]
    • a
    • Określenie formy książki i/lub objętość (NP)
    • 426, [1] s. :
    • b
    • Oznaczenie ilustracji (NP)
    • err. ;
    • c
    • Format (NP)
    • 20 cm.
336 -Typ zawartości [ , ]
    • a
    • Termin opisujący typ zawartości
    • Tekst
    • b
    • Kod określający zawartość
    • txt
    • 2
    • Źródło (terminu i kodu)
    • rdacontent
337 -Typ mediów [ , ]
    • a
    • Tryb odtwarzania
    • Bez urządzenia pośredniczącego
    • b
    • Kod typu mediów
    • n
    • 2
    • Źródło (terminu i kodu)
    • rdamedia
338 -Typ/rodzaj nośnika [ , ]
    • a
    • Hasło opisujące typ nośnika
    • Wolumin
    • b
    • Kod typu nośnika
    • nc
    • 2
    • Źródło (terminu i kodu)
    • rdacarrier
490 -Strefa serii i książki wielotomowej - forma nie do wyszukiwania [1, ]
    • a
    • Tytuł (P)
    • Partia, Społeczeństwo, Propaganda Find
830 -Hasło dodatkowe serii i opisu książki wielotomowej - tytuł ujednolicony/tytuł [ ,0]
    • a
    • Tytuł ujednolicony/tytuł (NP)
    • Partia, Społeczeństwo, Propaganda
    • 9
    • KHW
    • 62792
650 -Hasło przedmiotowe [ ,7]
    • a
    • Hasło przedmiotowe
    • Motywacja (psychologia).
    • 2
    • Źródło terminu
    • kaba
    • 9
    • KHW
    • 119984
650 -Hasło przedmiotowe [ ,7]
    • a
    • Hasło przedmiotowe
    • Ideologia i nauki społeczne.
    • 2
    • Źródło terminu
    • kaba
    • 9
    • KHW
    • 111692
650 -Hasło przedmiotowe [ ,7]
    • a
    • Hasło przedmiotowe
    • Psychologia społeczna.
    • 2
    • Źródło terminu
    • kaba
    • 9
    • KHW
    • 192308
700 -Hasło dodatkowe - nazwa osobowa [1, ]
    • a
    • Nazwa osobowa (NP)
    • Czapów, Czesław Find
    • d
    • Daty biograficzne (NP)
    • (1925-1980).
    • e
    • Określenie rodzaju współpracy
    • Oprac.
    • 9
    • KHW
    • 17585
710 -Hasło dodatkowe - nazwa ciała zbiorowego [2, ]
    • a
    • Nazwa ciała zbiorowego lub nazwa geograficzna jako pierwszy element (NP)
    • Spółdzielnia Wydawniczo-Handlowa "Książka i Wiedza".
    • 4
    • Kod relacji
    • pbl
    • 9
    • KHW
    • 52004
Sygnatura Status udost. Numer inwentarzowy Lokalizacja Data inwentaryzacji
 1Pd.7143BG1994-03-18
egz.arch.1Z.20617BG 
W.47224-3W.47224BG 
W.47224-3W.47225BG 
W.47224-3W.47226BG 
W.47224-3W.47227BG 
W.47224-3W.47228BG 
W.47224-3W.47229BG 
W.47224-3W.47230BG 
W.47224-3W.47231BG 
W.47224-3W.47232BG 
W.47224-3W.47233BG 
W.47224-3W.47234BG 
W.47224-3W.47235BG 
W.47224-3W.47236BG 
W.47224-3W.47237BG 
W.47224-3W.47238BG 
  W.182404BG 
 1F.2883BNS 
 -3Pd.4599BNS